Quizzes
Events
Quiz Creation
Community
Videos
Private Events
Remove Ads
Sign In
Join for FREE
Feedback
Dark Mode
Quiz Categories
Sports
Geography
Music
Movies
Television
Just For Fun
Miscellaneous
History
Literature
Language
Science
Gaming
Entertainment
Religion
Holiday
For Kids
Quiz Lab
Recent
Popular Today
Quiz Kudos Today
Editor Picks
Curator Picks
Quizzes by...
Day
Popularity
Type
Ratings
Length
Year
Community
Subscriptions
Recent Discussions
Orange Saloon
Badges
Playlists
Quests
Create
Leaderboards
Showdown
Live 5
Trivia Bingo
Activity
Puzzle Library
Sporcle Events
Private Events
Virtual Trivia
Globe League
Become a Host
Pub Owners
SporcleCon
Opinionation
Our Games
Videos
Blog
Mobile Apps
Partnerships
Remove Ads and Go Orange
Feedback
History
US Presidents
World Leaders
Politics
Nation
Discovery
War
Decade
Year
Century
Biography
Art
History
US Presidents
World Leaders
Politics
Nation
Discovery
War
Decade
Year
Century
Biography
Art
Random Quiz
Search Sporcle
×
Quiz Lab
Quiz Lab
History
Canada
Type in answers that appear in a list
Type in answers that appear in a list
Classic
Best Score? Go Orange.
Premiers of Nunavut by time period Stats
Can you name the Premiers of Nunavut by time period?
By
samuellabrecque0
60s
3 Questions
8 Plays
8 Plays
8 Plays
Comments
Comments
Give Quiz Kudos
Give Quiz Kudos
-
- Ratings
hide this ad
Replay
Link that replays current quiz
Next Quiz
Link to next quiz in quiz playlist
You Got
0%
They Got
Avg Score
95%
Avg Friend Score
Upgrade to see
Score Distribution
Jump to the score distribution portion of the page
Score
0/3
Timer
01:00
0
Plays Today
Time period
Answer
% Correct
1999-
2008
Paul Okalik
100%
2008-
2013
Eva Aariak
100%
2013-
Incumbent
Peter Taptuna
87.5%
Quiz Playlist
Details
Report
Send in Message
Add To Playlist
Classic:
Type in answers that appear in a list
Last Updated: Mar 22, 2017
Quiz Scoreboard
CHALLENGE
Sign Up to Join the Scoreboard
Show All
Scores
Hide
Comments
May contain spoilers
Recently Published
Pick 6: Fruits
by JohnFran
Miscellaneous
15s
Click the 1999 NBA Draft
by nibperrychub
Sports
2m
Alphabetical 'K' Countries by Flag Minefield
by ylime102
Geography
3m
More to Explore
Quiz From the Vault
Featured Blog Post
15 Basketball Trivia Facts You Can Be March Mad About
hide this ad
You Might Also Like...
Tags
Canada Quiz
Nunavut
Period
Premier
Today's Top Quizzes in History
Browse History
hide this ad
Today's Top Quizzes in Canada
Browse Canada
Top Contributed Quizzes in History
1
Famous Spring Paintings
2
Mahatma Gandhi, This Is Your Life
3
'NCAA' US History
4
I Am Born On March 18th
5
George Washington, This Is Your Life
6
Abraham Lincoln, This Is Your Life
7
Arab Spring Nations
8
Marco Polo, This Is Your Life
9
10 to 1: Generals by War
10
John F. Kennedy, This Is Your Life
Explore More
Trending Topics
Kpop
Anime
NBA
Harry Potter
Disney
Marvel
Crossword
Country
Pokémon
NFL
Soccer
Song
Puzzle
WWE
The Office
hide this ad
More By:
samuellabrecque0
Quiz
Plays
Rating
Category
Featured
Created
Pandora Hearts Characters on Volume Covers
254
5.00
Literature
Mar 20, 2017
Premiers of British Columbia by time period
49
5.00
History
Mar 20, 2017
Canadian Prime Ministers by time period
31
History
Mar 20, 2017
Premiers of Newfoundland and Labrador by time period
25
History
Mar 22, 2017
Premiers of Alberta by time period
22
History
Mar 20, 2017
Go to Creator's Profile
Score Distribution
Quiz Creator Spotlight
samuellabrecque0
Follow
Send a Message
Quizzes Created
-
Created Quiz Play Count
-
More By This Creator
Popular Quizzes Today
1
Countries of Asia Without Outlines Minefield
2
Find the US States - No Outlines Minefield
3
Pick 6: Fruits
4
Alphabetical 'K' Countries by Flag Minefield
5
The Countries of the World
6
Find the US States
7
Match the Book to the Film X
8
US States
More History Quizzes
Who Tweeted Whom: History
Editor's Pick
Trending Quizzes
Pick 6: Mountains
Pick 6: Harry Potter
Pick 6: NFL Teams
Pick 6: Movie Franchises
Pick 6: Golfers
Recently Updated
NWSL Teams
pecheneg
Women's Final Four Teams by Year
bhenderson79
Presidents Quartet II
eogle
Anything But Clue(do)
eogle
Anything But Oceanian Capitals
eogle
Anything But 7
eogle
Anything But Thing
eogle
Word Ladder: February 29
pecheneg
Song Title Questions
pecheneg
Women's NCAA Tournament #1 Seeds
pecheneg
Trending Topics
Disney
Anime
Marvel
Crossword
Kpop
NBA
Harry Potter
Country
NFL
Puzzle
The Office
Pokémon
Song
Soccer
WWE
Your Account Isn't Verified!
In order to create a playlist on Sporcle, you need to verify the email address you used during registration. Go to your
Sporcle Settings
to finish the process.
Report this User
Report this user for behavior that violates our
Community Guidelines
.
Details:
Send Report
Go to the Sporcle.com Mobile Site →
Comments